[Event "Mumbai Aurionpro GM op"]
[Site "Mumbai"]
[Date "2025.06.18"]
[Round "3"]
[White "Mridav, M."]
[Black "Aleksandrov, Aleksej"]
[Result "0-1"]
[WhiteElo "2015"]
[BlackElo "2370"]
[PlyCount "80"]
[EventDate "2025.06.16"]
[EventType "swiss"]
[EventRounds "9"]
[EventCountry "IND"]
[SourceTitle "CB26_2025"]
[SourceDate "2025.06.25"]
[SourceVersion "1"]
[SourceVersionDate "2025.06.25"]
[SourceQuality "1"]

1. e4 e5 2. Nf3 Nc6 3. Nc3 Nf6 4. Be2 d5 5. exd5 Nxd5 6. Bb5 Nxc3 7. bxc3 Bd6 8. d4 exd4 9. 0-0 0-0 10. cxd4 h6 11. h3 Qf6 12. Be3 Ne7 13. c4 c6 14. Ba4 Rd8 15. Ne5 Nf5 16. Ng4 Qh4 17. Qf3 h5 18. Ne5 Be6 19. Nxf7 Kxf7 20. d5 cxd5 21. cxd5 Qxa4 22. Qxh5+ Kg8 23. dxe6 Rf8 24. Bg5 Qe8 25. Qe2 Qg6 26. h4 Rae8 27. Rfe1 Bb4 28. Qe4 Bxe1 29. Rxe1 Kh7 30. f4 Nh6 31. Qc4 Ng4 32. Qe2 Qf5 33. g3 Rc8 34. e7 Rfe8 35. Qf3 b5 36. a3 a5 37. Qd1 Rc3 38. Re5 Rxg3+ 39. Kf1 Ne3+ 40. Rxe3 Qh3+ 0-1

[Event "IND-ch U13"]
[Site "Secunderabad"]
[Date "2023.12.07"]
[Round "6"]
[White "Aakash, G2."]
[Black "Mridav, M."]
[Result "0-1"]
[WhiteElo "1935"]
[BlackElo "1545"]
[PlyCount "94"]
[EventDate "2023.12.04"]
[EventType "swiss"]
[EventRounds "11"]
[EventCountry "IND"]
[SourceTitle "EXT 2025"]
[Source "ChessBase"]
[SourceDate "2024.10.14"]
[SourceVersion "1"]
[SourceVersionDate "2024.10.14"]
[SourceQuality "1"]

1. d4 Nf6 2. c4 g6 3. Nc3 Bg7 4. Nf3 0-0 5. Bg5 d6 6. e3 c5 7. Be2 cxd4 8. exd4 h6 9. Bh4 Bf5 10. 0-0 Nbd7 11. h3 g5 12. Bg3 Bg6 13. Bd3 Bxd3 14. Qxd3 Nh5 15. Bh2 f5 16. Qe2 Nf4 17. Bxf4 gxf4 18. c5 e5 19. cxd6 e4 20. Ne5 Nxe5 21. dxe5 Bxe5 22. f3 e3 23. Rad1 Kh8 24. Nd5 Qd7 25. Kh1 Rad8 26. g3 fxg3 27. Nxe3 Qg7 28. Nc4 Bf4 29. a4 g2+ 30. Qxg2 Qf7 31. Rd4 Rg8 32. Qf2 Qh5 33. h4 Bg3 34. Qg2 Bxd6 35. Qe2 Bc7 36. Qe7 Rxd4 37. Qf6+ Rg7 38. Qxd4 f4 39. Qf6 Kh7 40. Rf2 Qc5 41. Rf1 Qxc4 42. Qf5+ Kh8 43. Re1 Qc6 44. Qf8+ Kh7 45. Qf5+ Qg6 46. Qh3 Bb6 47. Qh2 Be3 0-1

[Event "IND-ch U13"]
[Site "Secunderabad"]
[Date "2023.12.07"]
[Round "7"]
[White "Mridav, M."]
[Black "Venkat, Raghav"]
[Result "0-1"]
[WhiteElo "1545"]
[BlackElo "2205"]
[PlyCount "88"]
[EventDate "2023.12.04"]
[EventType "swiss"]
[EventRounds "11"]
[EventCountry "IND"]
[SourceTitle "EXT 2025"]
[Source "ChessBase"]
[SourceDate "2024.10.14"]
[SourceVersion "1"]
[SourceVersionDate "2024.10.14"]
[SourceQuality "1"]

1. e4 e5 2. Nf3 Nc6 3. Bc4 Nf6 4. d3 Bc5 5. 0-0 d6 6. h3 Na5 7. Bb3 Nxb3 8. axb3 c6 9. Nc3 0-0 10. Be3 Bb4 11. Bg5 Re8 12. Re1 h6 13. Bh4 g5 14. Bg3 Nh7 15. d4 f6 16. Qd3 Ba5 17. Red1 Qc7 18. b4 Bb6 19. Na4 Be6 20. c4 Qf7 21. d5 cxd5 22. cxd5 Bd7 23. Nxb6 axb6 24. Qe3 Rxa1 25. Rxa1 f5 26. Bh2 fxe4 27. Nd2 Qxd5 28. Nxe4 Bc6 29. f3 b5 30. Nf2 Qe6 31. Rd1 Nf6 32. Ng4 Nd5 33. Qd2 Rd8 34. Re1 Ra8 35. h4 Qg6 36. h5 Qe6 37. Nf2 Nf6 38. f4 gxf4 39. Bxf4 Kh8 40. Bxh6 Rg8 41. Bg5 Nh7 42. Nh3 Qg4 43. Be3 Qxh3 44. Re2 Bxg2 0-1